| 000 | 00594nam a2200193Ia 4500 | ||
|---|---|---|---|
| 003 | GCL | ||
| 008 | 140319s9999 xx 000 0 ara d | ||
| 040 |
_aGCL / _cGCL |
||
| 082 | 0 | 4 |
_a193 _bا د |
| 100 | 1 | _aامام عبدالفتاح امام | |
| 245 | 1 | 0 |
_aدراسات فى الفلسفة السياسية عند هيجل / _cامام عبدالفتاح امام |
| 490 | _a | ||
| 650 | 0 | 4 | _aالفلسفة |
| 650 | 0 | 4 | _aالسياسة |
| 650 | 0 | 4 | _aالفلسفة الالمانية |
| 650 | 0 | 4 | _aفلسفة هيجل |
| 650 | 0 | 4 | _aفرنسا - ثورة 1789 - 1799 |
| 942 |
_2ddc _cBK |
||
| 999 |
_c39615 _d39615 |
||